ნორმალური ფორმატი
MARC ფორმატი
ჩანაწერი Corporate Name
ჩანაწერთა რაოდენობა, რომელიც გამოყენებულია: 1
001 - CONTROL NUMBER
- control field: 8036
003 - CONTROL NUMBER IDENTIFIER
- control field: GE_BSU
005 - DATE AND TIME OF LATEST TRANSACTION
- control field: 20200510232028.0
008 - FIXED-LENGTH DATA ELEMENTS
- fixed length control field: 200510|| aca||aabn | a|a d
040 ## - CATALOGING SOURCE
- Original cataloging agency: GE_BSU
- Transcribing agency: GE_BSU
110 ## - HEADING--CORPORATE NAME
- Corporate name or jurisdiction name as entry element: საქართელოს სსრ მეცნიერებათა აკადემიის სტამბა
670 ## - SOURCE DATA FOUND
- Source citation: Work cat.: (GE_BSU)52890: იმნაიშვილი, ი. 5492, ქართული ოთხთავის სიმფონია-ლექსიკონი = Симфония-словарь к грузинскому четвероглаву :
